000 00391nam a2200157 4500
008 190319s1989||||xo d
100 1 _aTmej Karel
_9977
245 1 0 _aUvádzanie zacínajúcich vychovávatelov do praxe
250 _a1. vydanie
260 _bSPN
_aBratislava
_c1989
300 _a254 s.
020 _a067-090-89
_c0
041 1 _aslo
044 _axo
_cSK
958 _aAPR
999 _c22238
_d22238